Empátia a zenetanításban
Elmentve itt :
| Szerző: | |
|---|---|
| További közreműködők: | |
| Dokumentumtípus: | Szakdolgozat |
| Megjelent: |
1998
|
| Tárgyszavak: | |
| Online Access: | http://diploma.bibl.u-szeged.hu/106809 |
| LEADER | 00569nta a2200169 i 4500 | ||
|---|---|---|---|
| 001 | dipl106809 | ||
| 005 | 20210216142501.0 | ||
| 008 | 210216s1998 hu om 0|| zxx d | ||
| 040 | |a SZTE Diploma Repozitórium |b hun | ||
| 041 | |a zxx | ||
| 100 | 1 | |a Bódás Ágnes | |
| 245 | 1 | 0 | |a Empátia a zenetanításban |h [elektronikus dokumentum] / |c Ágnes Bódás |
| 260 | |c 1998 | ||
| 650 | 4 | |a Művészet | |
| 650 | 4 | |a Music and musicology, history of music | |
| 700 | 1 | |a Masopust Péter |e ths | |
| 856 | 4 | 0 | |u http://diploma.bibl.u-szeged.hu/id/eprint/106809/1/1998_bodas_agnes.pdf |z Dokumentum-elérés |